LEADER 01829oem 2200565 450 001 9910713758003321 005 20200731083250.0 035 $a(CKB)5470000002504103 035 $a(OCoLC)966641067 035 $a(EXLCZ)995470000002504103 100 $a20161221d1989 da 101 0 $aeng 120 $ab|||||||||||| 121 $a||||||||| 124 $bd 135 $aurcn||||||||| 181 $ccri$2rdacontent 182 $cc$2rdamedia 183 $acr$2rdacarrier 200 10$aPrecipitation, streamflow, and base flow in west-central Texas, December 1974 through March 1977 /$fby Eve L. Kuniansky 210 1$aAustin, Texas :$cDepartment of the Interior, U.S. Geological Survey,$d1989. 215 $a1 online resource (4 maps) $ccolor 225 1 $aWater-resources investigations report ;$v88-4218 320 $aIncludes text, bibliographical references, 3 ancillary maps, 3 tables, and 2 figures. 606 $aPrecipitation (Meteorology)$zTexas$vMaps 606 $aStreamflow$zTexas$vMaps 606 $aGroundwater flow$zTexas$vMaps 606 $aGroundwater flow$2fast 606 $aPrecipitation (Meteorology)$2fast 606 $aStreamflow$2fast 607 $aTexas$2fast 608 $aMaps.$2fast 608 $aMaps.$2lcgft 615 0$aPrecipitation (Meteorology) 615 0$aStreamflow 615 0$aGroundwater flow 615 7$aGroundwater flow. 615 7$aPrecipitation (Meteorology) 615 7$aStreamflow. 702 $aKuniansky$b Eve L. 801 0$bCOP 801 1$bCOP 801 2$bOCLCO 801 2$bOCLCF 801 2$bOCLCA 801 2$bGPO 906 $aBOOK 912 $a9910713758003321 996 $aPrecipitation, streamflow, and base flow in west-central Texas, December 1974 through March 1977$93349660 997 $aUNINA LEADER 01838nas 2200529- 450 001 996336588303316 005 20230925213018.0 011 $a2204-5538 035 $a(DE-599)ZDB2174250-9 035 $a(OCoLC)60616338 035 $a(CKB)111093463275010 035 $a(CONSER)--2023242739 035 $a(EXLCZ)99111093463275010 100 $a20050614a19879999 --- - 101 0 $aeng 135 $aurun||||||||| 181 $ctxt$2rdacontent 182 $cc$2rdamedia 183 $acr$2rdacarrier 200 10$aCrime and justice bulletin /$fNew South Wales Bureau of Crime Statistics and Research 210 1$aSydney, N.S.W. :$cNew South Wales Bureau of Crime Statistics and Research,$d1987- 215 $a1 online resource 311 $a1030-1046 517 1 $aCJB 606 $aCrime$zAustralia$zNew South Wales$vPeriodicals 606 $aJustice, Administration of$zAustralia$zNew South Wales$vPeriodicals 606 $aCriminal statistics$zAustralia$zNew South Wales$vPeriodicals 606 $aStatistiques criminelles$zAustralie$zNouvelle-Galles du Sud$vPériodiques 606 $aCrime$2fast$3(OCoLC)fst00882984 606 $aCriminal statistics$2fast$3(OCoLC)fst00883500 606 $aJustice, Administration of$2fast$3(OCoLC)fst00985154 607 $aNew South Wales$2fast 608 $aPeriodicals.$2fast 608 $aPeriodicals.$2lcgft 615 0$aCrime 615 0$aJustice, Administration of 615 0$aCriminal statistics 615 6$aStatistiques criminelles 615 7$aCrime. 615 7$aCriminal statistics. 615 7$aJustice, Administration of. 676 $a[E] 712 02$aNew South Wales.$bBureau of Crime Statistics & Research, 906 $aJOURNAL 912 $a996336588303316 996 $aCrime and Justice Bulletin$92233728 997 $aUNISA